Tibor Díte: " Podozrenie som mal okamžite. Len jedno jediné" bývalý riaditeľ múzea si myslí, že ukradnuté predmety sú stále v Trnave

Bibliographic Details
Main Authors: Kvetanová, Darina (Author, Interviewer), Díte, Tibor (Author)
Format: Article
Language:Slovak
PhysicalDescription:Fotogr.
ISSN:1335-4442
Subjects:

MARC

LEADER 00000nab a2200000 a 4500
001 vtls009513686
003 SK-MaSNL
005 20260309150229.0
008 090518 2009 xo w 000 0 slo
038 |a TNKJF 
040 |a TNKJF  |b slo  |c TNKJF  |e AACR2 
041 0 |a slo 
044 |a xo  |c SK 
080 |a 069:069.5  |x (437.612.752)  |2 2001 
080 |a 343.7  |x (437.612.752)  |2 2001 
080 |a 069.5  |x (437.612.752)  |2 2001 
100 1 |a Kvetanová, Darina  |4 ivr  |4 aut  |9 1034583 
245 1 0 |a Tibor Díte: " Podozrenie som mal okamžite. Len jedno jediné"  |b bývalý riaditeľ múzea si myslí, že ukradnuté predmety sú stále v Trnave  |c Darina Kvetanová 
300 |b Fotogr. 
610 2 7 |a Západoslovenské múzeum v Trnave  |2 tnkjf  |9 33512 
650 0 7 |a múzejné zbierky  |2 tnkjf  |9 69988 
650 0 7 |a zbierky  |2 tnkjf  |9 247422 
650 0 7 |a múzeá  |2 tnkjf  |9 4119 
650 0 7 |a krádeže  |2 tnkjf  |9 2230 
651 7 |a Trnava (Slovensko)  |2 tnkjf  |9 19407 
700 1 |a Díte, Tibor  |4 ive  |4 aut  |9 6752 
773 0 |t Trnavské noviny - MY  |g Roč. 19, č. 19 (2009), s. 3  |x 1335-4442 
852 |a TNKJF  |b KIS3GCP 
958 |a SK 
999 |c 3367122  |d 3369052